00405nam a2200121Ia 4500008004100000100001800041245005600059245001900115260000900134856004800143999001900191952007300210160531s9999 xx 000 0 und d aWyant, Jerry. aBasic Economics for Students and Non-Students Alike cBy Jerry Wyant c2013 uhttp://www.smashwords.com/books/view/303648 c295020d295020 001040aCLbCLd2016-05-31l0r2016-05-31 00:00:00w2016-05-31yCBE